La familia como raíz de la sociedad / (Registro nro. 62123)
[ vista simple ]
| 000 -LEADER | |
|---|---|
| fixed length control field | 00810nam a2200253 a 4500 |
| 001 - CONTROL NUMBER | |
| control field | 62123 |
| 005 - DATE AND TIME OF LATEST TRANSACTION | |
| control field | 20180714064024.0 |
| 008 - FIXED-LENGTH DATA ELEMENTS--GENERAL INFORMATION | |
| fixed length control field | 150225s2013 sp r 000 spa d |
| 020 ## - INTERNATIONAL STANDARD BOOK NUMBER | |
| International Standard Book Number | 978-84-220-1639-7 |
| 041 ## - LANGUAGE CODE | |
| Language code of text/sound track or separate title | spa |
| 082 0# - DEWEY DECIMAL CLASSIFICATION NUMBER | |
| Classification number | 306.80945 |
| Item number | DON |
| 100 1# - MAIN ENTRY--PERSONAL NAME | |
| Personal name | Donati, Pierpaolo, |
| Dates associated with a name | 1946 |
| Relator term | autor |
| 245 13 - TITLE STATEMENT | |
| Title | La familia como raíz de la sociedad / |
| Statement of responsibility, etc. | Pierpaolo Donati. |
| 250 ## - EDITION STATEMENT | |
| Edition statement | 1a. edición. |
| 264 #1 - PRODUCTION, PUBLICATION, DISTRIBUTION, MANUFACTURE, AND COPYRIGHT NOTICE | |
| Place of production, publication, distribution, manufacture | España : |
| Name of producer, publisher, distributor, manufacturer | Biblioteca de Autores Cristianos, |
| Date of production, publication, distribution, manufacture, or copyright notice | 2013 |
| 300 ## - PHYSICAL DESCRIPTION | |
| Extent | xxii, 303 páginas ; |
| Dimensions | 21 cm. |
| 336 ## - CONTENT TYPE | |
| Content type term | texto |
| Source | rdacontent |
| 337 ## - MEDIA TYPE | |
| Media type term | sin mediación |
| Source | rdamedia |
| 338 ## - CARRIER TYPE | |
| Carrier type term | volumen |
| Source | rdacarrier |
| 490 0# - SERIES STATEMENT | |
| Series statement | Estudios y Ensayos BAC Pastoral |
| Volume/sequential designation | 142 |
| 500 ## - GENERAL NOTE | |
| General note | Colección CEFAS |
| 650 #0 - SUBJECT ADDED ENTRY--TOPICAL TERM | |
| Topical term or geographic name entry element | Familias |
| Geographic subdivision | Italia |
| 700 1# - ADDED ENTRY--PERSONAL NAME | |
| Personal name | Granados García, Carlos, |
| Relator term | traductor |
| Withdrawn status | Lost status | Source of classification or shelving scheme | Damaged status | Not for loan | Collection code | Home library | Current library | Shelving location | Date acquired | Source of acquisition | Inventory number | Total Checkouts | Total Renewals | Full call number | Barcode | Date last seen | Date last checked out | Price effective from | Koha item type |
|---|---|---|---|---|---|---|---|---|---|---|---|---|---|---|---|---|---|---|---|
| Dewey Decimal Classification | General | Biblioteca Karol Wojtyla | Biblioteca Karol Wojtyla | Sala general | 25/02/2015 | Compra | 151000000000000000053316 | 15 | 3 | 306.80945 DON 2013 | 93552 | 26/02/2026 | 19/02/2026 | 02/03/2015 | Libro |